Human Resource Management: (Record no. 207927)
[ view plain ]
| 000 -LEADER | |
|---|---|
| fixed length control field | 00697 a2200169 4500 |
| 003 - CONTROL NUMBER IDENTIFIER | |
| control field | Nust |
| 005 - DATE AND TIME OF LATEST TRANSACTION | |
| control field | 20230126121455.0 |
| 040 ## - CATALOGING SOURCE | |
| Transcribing agency | Nust |
| 082 ## - DEWEY DECIMAL CLASSIFICATION NUMBER | |
| Classification number | 658.3,DEC |
| 100 ## - MAIN ENTRY--PERSONAL NAME | |
| Personal name | Decenzo,David A. |
| 245 ## - TITLE STATEMENT | |
| Title | Human Resource Management: |
| Remainder of title | International student version / |
| Statement of responsibility, etc. | Decenzo,David.A et al. |
| 250 ## - EDITION STATEMENT | |
| Edition statement | 10th ed. |
| 300 ## - PHYSICAL DESCRIPTION | |
| Extent | xxiii,410p. |
| 505 ## - FORMATTED CONTENTS NOTE | |
| Formatted contents note | Part 1. Understanding HRM (Page-3), Part 2: The legal and ethical context of HRM (Page-56), Part 3: Staffing the organization (Page-110), Part 4: Training and development (Page-82),Part 5: Maintaining high performance (Page-230), Part 6: Labor-managements environments (Page-340). |
| 650 ## - SUBJECT ADDED ENTRY--TOPICAL TERM | |
| Topical term or geographic name entry element | Management |
| 942 ## - ADDED ENTRY ELEMENTS (KOHA) | |
| Source of classification or shelving scheme | |
| Koha item type | Book |
| Call number prefix | 658.3,DEC |
| Withdrawn status | Lost status | Source of classification or shelving scheme | Damaged status | Not for loan | Permanent Location | Current Location | Shelving location | Date acquired | Full call number | Barcode | Date last seen | Price effective from | Koha item type | Public note |
|---|---|---|---|---|---|---|---|---|---|---|---|---|---|---|
| Military College of Signals (MCS) | Military College of Signals (MCS) | General Stacks | 12/12/2016 | 658.3,DEC | MCS37008 | 12/08/2016 | 12/12/2016 | Book | Almirah No. 55, Shelf No. 1 | |||||
| Military College of Signals (MCS) | Military College of Signals (MCS) | General Stacks | 12/12/2016 | 658.3,DEC | MCS37009 | 12/08/2016 | 12/12/2016 | Book | Almirah No.75, Shelf No.2 | |||||
| Military College of Signals (MCS) | Military College of Signals (MCS) | General Stacks | 12/12/2016 | 658.3,DEC | MCS37010 | 12/08/2016 | 12/12/2016 | Book | Almirah No.75, Shelf No.2 |
